01036nam a2200205Ia 4500003000400000005001700004008004000021020003500061040000700096041000800103082001700111100001900128245006400147260004000211300001100251520050100262650002100763650002500784700002100809OSt20230622123512.0210210b1994 xxu||||| |||| 00| 0 eng d a 978-8173710070c81 7371 007 4 cAL aeng a530.092 VENB aG Venkataraman aBhabha and his Magnificent ObsessionsbVignettes in physics aHyderabadbUniversities Pressc1994 aix,209 aThis book is about the remarkable scientist Homi Jehangir Bhabha who, at the age of eighteen, went to Cambridge to study Physics and started his research career there. In 1939, when Bhabha came to India on a short vacation, he was forced to stay on as the Second World War broke out. This was, of course, a blessing for the country as he later steered the country’s scientific destiny. The book records Bhabha’s contributions which were in many dimensions and were not just purely scientific. aBhabha physicist aVignettes in physics aVENKATARAMAN (G)